Temple Dogs

Gespeichert in:
Bibliographische Detailangaben
1. Verfasser: Duncan, Robert L.
Format: Buch
Sprache:Undetermined
Veröffentlicht: New York, Estados Unidos William Morrow and Co. 1977
Schlagworte:
Tags: Tag hinzufügen
Keine Tags, Fügen Sie den ersten Tag hinzu!

MARC

LEADER 00000nam a2200000Ia 4500
008 170316s9999 xx 000 0 und d
999 |c 28771  |d 28771 
040 |a cru BVZT 
090 |a F-810 D-8t 
100 |a Duncan, Robert L. 
245 |a Temple Dogs 
260 |a New York, Estados Unidos 
260 |b William Morrow and Co. 
260 |c 1977 
300 |a 324 páginas 
650 |a LITERATURA ESTADOUNIDENSE  |9 25 
942 |c 15 D  |h F-810 D-8t  |2 z